000 00764nam a2200241 i 4500
001 bg
100 1 _aWRIGHT, Richard S.
_d(1965- )
245 1 0 _aOpenGL :
_bksięga eksperta /
_cRichard S. Wright jr, Michael Sweet ; [tł. Marcin Pancewicz].
260 _aGliwice :
_b"Helion",
_ccop. 1999.
300 _a717 s. :
_bil. ;
_c24 cm +
_eCD ROM.
504 _aIndeks.
650 9 _aOpenGL
655 _aPodręczniki
700 1 _aSWEET, Michael
_d(1969- )
020 _a8371970935
040 _cBPK
041 1 _apl
_hen
080 _a004.42OOpenFl:004.92](07)
920 _a83-7197-093-5
942 _cKS
008 s pl f |000 0 pol
856 _uhttp://koha.tu.koszalin.pl/cgi-bin/koha/opac-detail.pl?biblionumber=36794
_yKatalog online BPK
999 _c36794
_d36794